Capacidad de vigas de maderas con uniones longitudinales
Guardat en:
| Autor principal: | |
|---|---|
| Format: | Llibre |
| Idioma: | Spanish |
| Publicat: |
[San José], Costa Rica
2016
|
| Matèries: | |
| Etiquetes: |
Afegir etiqueta
Sense etiquetes, Sigues el primer a etiquetar aquest registre!
|
MARC
| LEADER | 00000nam a22000007a 4500 | ||
|---|---|---|---|
| 003 | 012528 | ||
| 005 | 20221231144142.0 | ||
| 008 | 170201b2016 cr a|||| m||| 00| ||spa d | ||
| 040 | |c cru CEDI | ||
| 090 | |a TFG 7679 | ||
| 100 | |9 6697 |a Ortiz Barquero, José Joaquín | ||
| 245 | |a Capacidad de vigas de maderas con uniones longitudinales | ||
| 260 | |a [San José], Costa Rica |c 2016 | ||
| 300 | |a xv, 119[40] : ilustraciones a color | ||
| 500 | |a Proyecto de graduación (licenciatura en ingeniería civil)--Universidad de Costa Rica. Facultad de Ingeniería. Escuela de Ingeniería Civil | ||
| 650 | |x VIGAS |x RESISTENCIA DE MATERIALES |x CONSTRUCCIONES DE MADERA |9 6698 | ||
| 942 | |c TFG | ||
| 999 | |c 17645 |d 17645 | ||
